000 03502cam a22012374i 4500
003 PE-LiUPU
005 20250813185602.0
008 150706s r 000 0 d
020 _a97861240112104
035 _a(Sirsi) i9786124011210
040 _aPE-LiUPU
_bspa
_cPE-LiUPU
_erda
049 _aPRUA
082 0 4 _a360
_bV18
_221
100 1 _aValdivia, María Inés,
_eautor.
245 1 3 _aEl liberalismo social en el Perú :
_bmanos en bomberos, libre pensadores y anarquistas durante el siglo XIX /
_cMaría Inés Valdivia .
264 1 _aLima :
_bAsamblea Nacional de Rectores,
_c2010.
300 _a236 páginas :
_bilustraciones ;
_c24 centímetros
336 _atext
_2rdacontent
337 _aunmediated
_2rdamedia
338 _avolume
_2rdacarrier
504 _aIncluye referencias bibliográficas.
505 0 _aLa masonería moderna. Aproximaciones teóricas -- Masonería y filantropía en Lima durante el siglo XIX -- El proceso del llibrepensamiento en el Perú -- De sociedades secretas a sociedades libres: el libre pensamiento en Lima a fines del sigloXiX
526 _aP202
526 _aP201
526 _aP163
526 _aP162
526 _aP161
526 _aP160
526 _aP148
526 _aP147
526 _aP146
526 _aP145
526 _aP144
526 _aP143
526 _aP142
526 _aP141
526 _aP140
526 _aP139
526 _aP138
526 _aP137
526 _aP136
526 _aP135
526 _aP134
526 _aP133
526 _aP129
526 _aP128
526 _aP127
526 _aP120
526 _aP119
526 _aP118
526 _aP116
526 _aP115
526 _aP114
526 _aP110
526 _aP109
526 _aP108
526 _aP104
526 _aP103
526 _aP102
526 _aP99
526 _aP98
526 _aP97
526 _aP96
526 _aP95
526 _aP93
526 _aP90
526 _aP89
526 _aP88
526 _aP83
526 _aP82
526 _aP62
526 _aP59
526 _aP58
526 _aP57
526 _aP51
526 _aP49
526 _aP48
526 _aP47
526 _aP29
526 _aP24
526 _aP20
526 _aP19
526 _aP17
526 _aP15
526 _aP14
526 _aP12
526 _aP10
526 _aP09
526 _aP08
526 _aP07
526 _aP06
526 _aP05
526 _aP04
526 _aP01
650 0 4 _aLiberalismo
_xPerú.
910 _bjv
_cng
_d20110411
942 _2ddc
_cBOOK
949 _a360 V18
_wDEWEY
_c1
_i62776
_lCCODEBUL1
_mBUL
_p15.00
_r0
_sY
_tBOOK
_u2015-7-6
_xEDUCACION
_zUNKNOWN
_0COMPRA
_o.STAFF. Colección General
949 _a360 V18
_wDEWEY
_c2
_i62775
_lCCODEBUL1
_mBUL
_p15.00
_r0
_sY
_tBOOK
_u2015-7-6
_xEDUCACION
_zUNKNOWN
_0COMPRA
_o.STAFF. Colección General
994 _aC0
_bPEPRU
596 _a1
999 _a360 V18
_wDEWEY
_c51827
_i62776
_f2021-11-5
_g5
_lCCODEBUL1
_mBUL
_p15.00
_r0
_sY
_tBOOK
_u2015-7-6
_xBIBLIOTECA
_zUNKNOWN
_0COMPRA
_o.STAFF. Colección General
_d51827
999 _a360 V18
_wDEWEY
_c2
_i62775
_f2021-11-5
_g5
_lCCODEBUL1
_mBUL
_p15.00
_r0
_sY
_tBOOK
_u2015-7-6
_xBIBLIOTECA
_zUNKNOWN
_0COMPRA
_o.STAFF. Colección General
980 _81
_gALBERTO SANCHEZ Responsable de Automatización